000 00343nam a2200133 i 4500
001 bg
100 1 _aTOURNOUX, Jean Raymond
245 0 _aCharles de Gaulle :
_bpo raz pierwszy ujawnione /
_cJean Raymond Tournoux.
260 _aWarszawa,
_c1978.
040 _cBPK
041 _apol
942 _cKS
008 s pl f |000 0 pol
999 _c21470
_d21470
856 _uhttp://koha.tu.koszalin.pl/cgi-bin/koha/opac-detail.pl?biblionumber=21470
_yKatalog online BPK